000 00570nam a2200229Ia 4500
003 OSt
005 20140315092238.0
008 140130s9999 xx 000 0 und d
020 _a9780590135658
050 _aPZ 7
_b.H389Cj 1991
100 _aHenkes, Kevin.
245 _cKevin Henkes.
_aChrysanthemum /
260 _bScholastic Inc.,
_aUSA :
_cc1991.
300 _a30 p. :
_bcol. ill. ;
_c26 cm.
440 _v1
521 _aG2
526 _c460
650 _aNames, Personal
_xFiction.
650 _aSchools
_xFiction.
942 _cBK
_2lcc
999 _c40402
_d40402